000 00535cam a2200205ua 4500
001 145
008 110322n ii |||gr||||Z||||||eng
020 _a978-0-07-044736-3
020 _a0-07-044736-5
040 _cMAIN
082 _a005.4
245 _aPc hardware a beginner`s guide.
_cBy Ron Gilster.
250 _a1st.
260 _a[s.l]:
_bTata mcgraw hill.,
_c2001.
300 _axx, 651 p.:
_bill.;
_c21 cm.
653 _aComputer science.
653 _aPC hardware a beginners guide.
700 1 _aGilster, Ron.,
942 _cBK
999 _c133
_d133